00425pam a2200181 i 450000100070000000500170000700800410002401000170006502000250008204000180010704100080012508000120013308200120014510000070015710100080016424500410017250400300021380078820171215080515.0751007s1976 njua b 001 0 eng  a 75033185  a0134447603 :c$12.95 aDLCcDLCdDLC aeng a155 CRA00a155 CRA1 a 3 aSHM10aHuman development /cGrace J. Craig. aBibliography: p. 475-489.